00313nam a2200121Ia 45000010005000000080041000050820025000461000010000712450045000812600023001269010027001499990015001761957241024s9999 xx 000 0 und d aRD/370.97293/P912r/1 aPREAL 0aReflexiones sobre Políticas Educativas bPREAL-FLACSOc1998 a4/10/2011 4:29:30 p.m. c9128d9128